01220nam a2200217 a 450000100100000000500170001000800410002704000250006808200160009310000330010924500810014226000450022330000280026804900090029695201290030595201290043495201150056395201870067895201200086599900170098500002705520210326154637.0110329s1984 dr a 001 0 spa d aDO-SdBNPbspacBNPHU axxxxbP762e aPolanco Brito, Hugo E.9792410aExvotos y milagros del santuario de Higüey. /cArz. Hugo E. Polanco Brito. aSanto Domingo . :bBanco Central,c1984. a160 p. :bil. ;c28 cm. aBNPD 001054708DSaGRbGRcCTd2011-04-08iLF1l0oxxxx P762ep27055-30r2020-06-25te. 3w2020-06-25yLFDSZPréstamo en sala 001054708DSaGRbGRcCTd2011-06-10iLF1l0oxxxx P762ep27055-40r2020-06-25te. 4w2020-06-25yLFDSZPréstamo en sala 00107-18PDaGRbGRcOId2019-06-21iLF1l0oxxxx P762ep27055-50r2020-06-25w2020-06-25yLFPDZNo se presta 0010718PDaPDbPDcHDd2011-03-29iLF1l0oxxxx P762ep27055-10r2020-06-25w2020-06-25yLFPDzPerteneció a la biblioteca personal de Aída Cartagena Portalatín.ZNo se presta 0010718PDaPDbPDcCTd2011-03-31iLF1l0oxxxx P762ep27055-20r2020-06-25te. 2w2020-06-25yLFPDZNo se presta c26547d26547